| 000 | 00704nam a2200289Ia 4500 | ||
|---|---|---|---|
| 008 | 160803s9999 xx 000 0 und d | ||
| 020 | _a978-0590453660 | ||
| 100 | _aStine, R.L | ||
| 245 | _aStay out of the basement / | ||
| 245 | _cR.L. Stine. | ||
| 260 | _aNew York : | ||
| 260 | _bScholastic Inc. | ||
| 260 | _c1992 | ||
| 300 | _a122 pages ; | ||
| 300 | _c20 cm. | ||
| 500 | _a"An Apple paperpack." | ||
| 650 | _aBotanists -- | ||
| 650 | _aExperiments -- | ||
| 650 | _aFiction. | ||
| 650 | _aHorror tales. | ||
| 650 | _aPlants -- | ||
| 650 | _xFathers -- | ||
| 650 | _xJuvenile fiction. | ||
| 650 | _xJuvenile fiction. | ||
| 650 | _xJuvenile fiction. | ||
| 700 | _a600 | ||
| 999 |
_c298505 _d298505 |
||